| 000 | 00408nam a2200121Ia 4500 | ||
|---|---|---|---|
| 008 | 130318s9999 xx 000 0 und d | ||
| 082 | _a351 RES/E | ||
| 100 | _aResearch Unit on Local Self Governments, CDS | ||
| 245 | _aE-governance in local governments of Kerala: analysing institutional issues | ||
| 260 |
_bCentre for Developmental Studies _aThiruvananthapuram _c2010 |
||
| 300 | _a64 | ||
| 650 | _aE-GOVERNANCE | ||
| 999 |
_c1550 _d1550 |
||